Audition songs for female singer 8 : blues: ten great songs ideal for auditions
| Format: | Book |
|---|---|
| Published: |
London :
Wise Pub. ,
2002
|
| Subjects: |
MARC
| LEADER | 00000cam a2200000 7i4500 | ||
|---|---|---|---|
| 001 | 0000034943 | ||
| 005 | 20130109.0 | ||
| 008 | 130109 | ||
| 020 | |a 0711984158 | ||
| 090 | 0 | 0 | |a 783.67 |b AUD |
| 245 | 1 | 0 | |a Audition songs for female singer 8 : |b blues: ten great songs ideal for auditions |
| 260 | |a London : |b Wise Pub. , |c 2002 | ||
| 300 | |a Included CD | ||
| 650 | 0 | |a Blues |x Music | |
| 650 | 0 | |a Singers | |
| 999 | |a CD01040652 |b Video CD |c REFERENCE |e Perbadanan Perpustakaan Awam Johor | ||